[Event "Kragero Resort International 2022"]
[Site "Kragero"]
[Date "2022.02.26"]
[Round "7.10"]
[White "Gharibyan, Mamikon"]
[Black "Reimanis, Ritvars"]
[Result "1-0"]
[WhiteElo "2479"]
[BlackElo "2397"]
[Annotator "RC"]
[PlyCount "95"]
[EventDate "2022.02.23"]
[EventType "swiss"]
[EventCountry "NOR"]
[SourceTitle "playchess.com"]
[Source "ChessBase"]
[SourceQuality "1"]
[TimeControl "5400+30"]

1. d4 {[%emt 0:00:03]} Nf6 {[%emt 0:00:05]} 2. c4 {[%emt 0:00:05]} e6 {[%emt 0:00:03]} 3. Nf3 {[%emt 0:00:05]} d5 {[%emt 0:00:11]} 4. Nc3 {[%emt 0:00:10]} Be7 {[%emt 0:00:06]} 5. Bf4 {[%emt 0:00:24]} O-O {[%emt 0:00:13]} 6. e3 {[%emt 0:00:05]} c5 {[%emt 0:00:32]} 7. a3 {[%emt 0:01:58]} cxd4 {[%emt 0:02:05]} 8. exd4 {[%emt 0:01:05]} dxc4 {[%emt 0:03:28]} 9. Bxc4 {[%emt 0:00:10]} Nbd7 {[%emt 0:00:24]} 10. O-O {[%emt 0:00:50]} Nb6 {[%emt 0:00:10]} 11. Bd3 {[%emt 0:05:41]} Nbd5 {[%emt 0:09:26]} 12. Nxd5 {[%emt 0:02:50]} Qxd5 {[%emt 0:02:28]} 13. Ne5 {[%emt 0:11:50]} Bd7 {[%emt 0:04:13]} 14. Re1 {[%emt 0:02:59]} Bb5 {[%emt 0:04:05]} 15. Bc2 {[%emt 0:03:52]} Rad8 {[%emt 0:03:18]} 16. Be3 {[%emt 0:03:41]} Bc6 {[%emt 0:03:56]} 17. f3 {[%emt 0:03:34]} Qd6 {[%emt 0:01:10]} 18. Qd3 {[%emt 0:03:32]} g6 {[%emt 0:09:28]} 19. Rad1 {[%emt 0:01:58]} Nd7 {[%emt 0:11:44]} 20. Nxc6 {[%emt 0:07:26]} bxc6 {[%emt 0:03:01]} 21. Qa6 {[%emt 0:00:57]} Qc7 {[%emt 0:06:59]} 22. Bf2 {[%emt 0:04:16]} Bd6 {[%emt 0:00:45]} 23. g3 {[%emt 0:00:53]} Nb8 {[%emt 0:07:10]} 24. Qa4 {[%emt 0:02:42]} Be7 {[%emt 0:00:49]} 25. Be4 {[%emt 0:03:21]} Bf6 {[%emt 0:03:29]} 26. Rd3 {[%emt 0:11:03]} Bg7 {[%emt 0:01:09]} 27. f4 {[%emt 0:05:14]} Rd6 {[%emt 0:00:27]} 28. Qc4 {[%emt 0:01:56]} Rfd8 {[%emt 0:00:45]} 29. Red1 {[%emt 0:02:09]} Nd7 {[%emt 0:01:29]} 30. b4 {[%emt 0:04:08]} Nf6 {[%emt 0:00:50]} 31. Bf3 {[%emt 0:00:13]} Qd7 {[%emt 0:00:01]} 32. Kg2 {[%emt 0:01:23]} Nd5 {[%emt 0:00:16]} 33. Qc5 {[%emt 0:01:21]} Bf6 {[%emt 0:00:53]} 34. Rc1 {[%emt 0:01:05]} Qb7 {[%emt 0:02:50]} 35. Bxd5 {[%emt 0:01:24]} exd5 {[%emt 0:01:33]} 36. f5 {[%emt 0:00:55]} Be7 {[%emt 0:01:35]} 37. Rf3 {[%emt 0:00:55]} Qd7 {[%emt 0:04:50]} 38. Qc2 {[%emt 0:00:05]} Bg5 {[%emt 0:05:17]} 39. Re1 {[%emt 0:01:24]} Re8 {[%emt 0:01:35]} 40. Re5 {[%emt 0:01:48]} Bf6 {[%emt 0:01:42]} 41. Rxe8+ {[%emt 0:01:13]} Qxe8 {[%emt 0:00:01]} 42. Qc5 {[%emt 0:00:44]} Qd7 {[%emt 0:01:19]} 43. g4 {[%emt 0:00:49]} gxf5 {[%emt 0:00:05]} 44. gxf5 {[%emt 0:00:28]} Be7 {[%emt 0:02:29]} 45. Qc1 {[%emt 0:00:30]} Rf6 {[%emt 0:02:54]} 46. Qf4 {[%emt 0:00:15]} Rd6 {[%emt 0:01:29]} 47. Rg3+ {[%emt 0:01:46]} Kf8 {[%emt 0:00:40]} 48. Qg4 {[%emt 0:00:02]} 1-0

[Event "Kragero Resort International 2022"]
[Site "Kragero"]
[Date "2022.02.26"]
[Round "7.11"]
[White "Kanyamarala, Tarun"]
[Black "Kaasen, Tor Fredrik"]
[Result "0-1"]
[WhiteElo "2343"]
[BlackElo "2458"]
[Annotator "TA"]
[PlyCount "58"]
[EventDate "2022.02.23"]
[EventType "swiss"]
[EventCountry "NOR"]
[SourceTitle "playchess.com"]
[Source "ChessBase"]
[SourceQuality "1"]

{[%evp 13,58,0,0,0,0,-12,8,0,0,0,0,-20,0,-3,34,0,0,0,-12,-33,-31,-149,-139,-188,-115,-125,-133,-279,-258,-427,-420,-465,-495,-492,-494,-573,-583,-877,-869,-1125,-1091,-1374,-1305,-5098,-5010,-2291,-2056]} 1. d4 Nf6 2. c4 e6 3. Nc3 Bb4 4. e3 O-O 5. Bd2 d5 6. Nf3 b6 7. cxd5 exd5 8. Rc1 {E51: Nimzo-Indian: Rubinstein: 4...0-0 5 Nf3 d5.} Bb7 9. Be2 Re8 10. O-O {The position is equal.} Bf8 11. Ne5 c5 12. f4 Nc6 13. Bb5 Qd6 14. Be1 (14. Na4 $5 {[%cal Rd4c5]}) 14... a6 {[#]} 15. Bxc6 $146 ({Predecessor:} 15. Ba4 c4 16. Bc2 g6 17. Bh4 Bg7 18. Qf3 Rad8 19. g4 Rf8 20. Bg3 Ne8 21. h4 {1-0 (41) Bluebaum,M (2616)-Dragnev,V (2511) Skopje 2019}) 15... Bxc6 16. Qb3 Rab8 17. g4 {[#]} (17. Bg3 $15) 17... Nxg4 $1 $17 18. Ne4 (18. Nxg4 $17 Qg6 19. Qd1) 18... Qc7 ({Worse is} 18... dxe4 19. Qxf7+ Kh8 20. Nxg4 $17) (18... Qe7 $19 19. Nxc6 Qxe4 20. Nxb8 Nxe3) 19. Ng5 Nh6 20. Qd3 {Now White is beyond hope.} (20. Qc2 $17 g6 21. f5) 20... g6 $19 {And now ...Bb5 would win.} 21. e4 $2 {[#]} (21. Nxc6 {was worth a try.} Qxc6 22. Bd2) 21... Bb5 22. Qh3 Bxf1 {Black is clearly winning.} 23. Kxf1 f6 {[%cal Bf7f6,Bf6e5][%mdl 32]} 24. Ne6 Qc8 25. f5 fxe5 26. Nxf8 Rxf8 27. Qxh6 dxe4 28. Bg3 Qxf5+ 29. Kg1 cxd4 {Weighted Error Value: White=1.10/Black=0.06 (flawless)} 0-1

[Event "Kragero Resort International 2022"]
[Site "Kragero"]
[Date "2022.02.26"]
[Round "7.12"]
[White "Sagafos, Magne"]
[Black "Kvaloy, Aksel Bu"]
[Result "1/2-1/2"]
[WhiteElo "2386"]
[BlackElo "2280"]
[Annotator "NA"]
[PlyCount "69"]
[EventDate "2022.02.23"]
[EventType "swiss"]
[EventCountry "NOR"]
[SourceTitle "playchess.com"]
[Source "ChessBase"]
[SourceQuality "1"]
[TimeControl "5400+30"]

1. d4 {[%emt 0:00:15]} Nf6 {[%emt 0:00:17]} 2. Nf3 {[%emt 0:00:18]} e6 {[%emt 0:00:37]} 3. Bf4 {[%emt 0:00:14]} d5 {[%emt 0:01:05]} 4. e3 {[%emt 0:00:09]} Bd6 {[%emt 0:00:34]} 5. Bg3 {[%emt 0:00:38]} O-O {[%emt 0:00:42]} 6. Nbd2 {[%emt 0:00:25]} c5 {[%emt 0:01:22]} 7. c3 {[%emt 0:00:26]} Qc7 {[%emt 0:00:41]} 8. Bd3 {[%emt 0:16:24]} Nbd7 {[%emt 0:03:04]} 9. Bh4 {[%emt 0:13:03]} Re8 {[%emt 0:30:21]} 10. O-O $11 {[%emt 0:09:32]} Be7 {[%emt 0:06:23]} 11. Bg3 {[%emt 0:04:06]} Bd6 {[%emt 0:01:12]} 12. Ne5 {[%emt 0:00:12]} Nxe5 {[%emt 0:02:35]} 13. dxe5 {[%emt 0:00:03]} Bxe5 {[%emt 0:00:21]} 14. f4 {[%emt 0:00:07]} Bd6 {[%emt 0:00:40]} 15. e4 {[%emt 0:00:47]} dxe4 {[%emt 0:13:52]} 16. Nxe4 {[%emt 0:00:24]} Nxe4 {[%emt 0:02:42]} 17. Bxe4 {[%emt 0:00:05]} Bd7 {[%emt 0:02:54]} 18. Bxh7+ {[%emt 0:14:11]} Kxh7 {[%emt 0:01:47]} 19. Qd3+ {[%emt 0:00:04]} Kg8 {[%emt 0:02:01]} 20. Rad1 {[%emt 0:04:43]} Rad8 {[%emt 0:05:03]} 21. Qxd6 {[%emt 0:00:06]} Qxd6 {[%emt 0:00:08]} 22. Rxd6 {[%emt 0:00:06]} Ba4 {[%emt 0:00:22]} 23. f5 {[%emt 0:10:56]} exf5 {[%emt 0:02:19]} 24. Rxf5 {[%emt 0:00:08]} Bc6 {[%emt 0:08:28]} 25. Re5 {[%emt 0:02:46]} f6 {[%emt 0:04:04]} 26. Rxe8+ {[%emt 0:00:30]} Rxe8 {[%emt 0:00:01]} 27. Kf2 {[%emt 0:01:16]} Kf7 {[%emt 0:00:34]} 28. Rd2 {[%emt 0:01:14]} a6 {[%emt 0:02:18]} 29. c4 {[%emt 0:02:55]} Re4 {[%emt 0:02:44]} 30. b3 {[%emt 0:00:50]} b5 {[%emt 0:00:36]} 31. Rd6 {[%emt 0:01:29]} Re6 {[%emt 0:00:12]} 32. Bf4 {[%emt 0:08:43]} bxc4 {[%emt 0:01:23]} 33. bxc4 {[%emt 0:02:24]} Rxd6 {[%emt 0:01:17]} 34. Bxd6 {[%emt 0:00:05]} Be4 {[%emt 0:00:06]} 35. Bxc5 {[%emt 0:02:16]} 1/2-1/2

[Event "Kragero Resort International 2022"]
[Site "Kragero"]
[Date "2022.02.26"]
[Round "7.13"]
[White "Kjartansson, Gudmundur"]
[Black "Doluhanova, Evgeniya"]
[Result "1/2-1/2"]
[WhiteElo "2450"]
[BlackElo "2255"]
[Annotator "TA"]
[PlyCount "120"]
[EventDate "2022.02.23"]
[EventType "swiss"]
[EventCountry "NOR"]
[SourceTitle "playchess.com"]
[Source "ChessBase"]
[SourceQuality "1"]

{[%evp 14,120,15,14,34,20,23,15,25,21,45,34,48,48,37,0,18,0,0,8,98,25,146,154,186,164,209,178,195,200,291,211,219,221,204,188,189,102,102,102,97,97,102,95,102,102,95,75,99,75,90,81,82,81,81,81,81,81,81,75,82,82,90,90,90,90,90,90,90,90,89,73,73,73,73,73,73,0,0,0,73,0,0,0,26,0,73,0,0,0,0,0,0,0,0,0,0,0,0,0,0,0,0,0,0,0,0,0,0]} 1. d4 Nf6 2. c4 e6 3. Nf3 b6 4. g3 Bb7 5. Bg2 Be7 6. O-O O-O 7. Re1 Na6 {is the new trend.} 8. Nc3 Ne4 {E18: Queen's Indian: Old Main Line (4 g3 Bb7 5 Bg2 Be7 6 0-0 0-0 7 Nc3).} 9. Nxe4 Bxe4 10. Ne5 Bxg2 11. Kxg2 f6 {[#]} 12. Nf3 $146 ({Predecessor:} 12. Nd3 f5 13. b3 Nb4 14. a3 Nxd3 15. Qxd3 Qe8 16. Qf3 g5 17. h3 Qg6 18. e4 {0-1 (55) Birkenmaier,R (2031)-Nguyen,C (2302) Wuerttemberg 2013}) 12... d5 13. Qa4 Qc8 14. e4 Bb4 15. Re2 dxe4 16. Rxe4 e5 (16... Bd6 $11 {keeps the balance.}) 17. a3 (17. dxe5 Nc5 $1 18. Qc6 Nxe4 19. Qd5+ Kh8 20. Qxe4 fxe5 $17) ({Better is} 17. Qc6 $16) 17... Bd6 (17... Qb7 $1 $11) 18. c5 $36 {[%mdl 2048] White is really pushing.} (18. dxe5 Nc5 $1 19. Qc6 Nxe4 20. Qd5+ Kh8 21. Qxe4 Bxe5 22. Nxe5 fxe5 23. Qxe5 Qb7+ 24. Kg1 Rae8 $17) 18... bxc5 19. dxe5 fxe5 20. Qc4+ Kh8 21. Nxe5 Qb7 (21... Bxe5 $142 22. Rxe5 Qb7+ 23. Kg1 Rad8) 22. Kg1 {[%cal Oe5g6]} Bxe5 23. Rxe5 Rad8 {( -> ...Rd1+)} 24. Qe2 {Inhibits Rd1+.} Nb8 25. Bg5 (25. Rxc5 Nd7 26. Rb5 Qa8 $16) (25. Be3 $18) 25... Nc6 26. Bxd8 {White wants to mate with Re8.} (26. Rxc5 $2 Nd4 27. Qf1 Nf3+ 28. Kh1 Nh4+ 29. Kg1 (29. f3 Rxf3) 29... Nf3+ 30. Kh1 Nh4+ 31. Kg1 (31. f3 Rxf3) 31... Nf3+ $19) 26... Nxe5 27. Qxe5 Rxd8 {[%mdl 4096] Endgame KQR-KQR} 28. Re1 {[%cal Oe5e8] White threatens Qe8+! and mate.} h6 29. Qxc5 Qxb2 30. Qxa7 (30. Qxc7 {is interesting.} Qd2 31. Qe7 Kg8 32. Rb1 Qd4 33. Qe6+) 30... Qc2 31. a4 {[%cal Ba3a4,Ba4a5][%mdl 32]} Kh7 32. a5 Qc3 33. Rb1 Rd5 34. a6 {Hoping for Qb7.} Ra5 35. Qb7 {To avoid Qc6} Qd3 {Inhibits Qe4+.} 36. Re1 {Threatens to win with a7.} (36. a7 $6 Rxa7 37. Qxa7 Qxb1+ 38. Kg2 Qc2 $11) 36... Qxa6 37. Qxc7 {White is more active.} Ra1 38. Qc3 (38. Qc2+ {is more complex.} Kg8 39. Qb3+ Kh7 40. Rxa1 Qxa1+ 41. Kg2) 38... Rxe1+ 39. Qxe1 {KQ-KQ} Qc6 40. h4 Qd5 41. Qb1+ g6 42. g4 Qf3 43. Qb4 h5 44. Qe7+ Kh8 45. g5 ({White should play} 45. Qe5+ $16 Kh7 46. Qc7+ Kg8 47. Qc8+ Kg7 48. Qc7+ Kf6 49. gxh5 Qg4+ 50. Qg3 Qxh5 51. Qf4+ Kg7 52. Qd4+ Kg8 53. Kg2) 45... Qg4+ $11 46. Kf1 {Strongly threatening Qf6+.} Qc4+ {[#]} (46... Qh3+ $1 $11 {remains equal.} 47. Ke2 (47. Ke1 Qc3+ 48. Kf1 Qc4+ 49. Qe2 Qd4 $16) 47... Qf5) 47. Ke1 (47. Qe2 $1 $16 {[%cal Re2c4]} Qc6 48. f3) 47... Qc1+ 48. Ke2 Qc4+ 49. Ke3 {Qf8+ is the strong threat.} (49. Kf3 $5 {[%cal Re7f8]} Kg8 50. Qe4 Qb3+ 51. Kg2 $16) 49... Qc1+ {[#]} (49... Qc3+ $11 50. Ke2 Qc2+ 51. Kf3 Qd1+ 52. Kg2 Qg4+ 53. Kf1 Qd1+ 54. Qe1 Qd4) 50. Kf3 ({White should try} 50. Kd4 $1 $16 {Black must now prevent Qf6+.} Qf4+ 51. Kd5 Qf3+ 52. Kd6 Qd3+ 53. Kc7 Qc4+ 54. Kd8) 50... Qd1+ $1 {The position is equal.} ({Much less strong is} 50... Qh1+ 51. Ke2 Qc6 52. Qf8+ (52. Qf6+ Qxf6 53. gxf6 Kg8 $11) 52... Kh7 53. Qf7+ Kh8 54. Qf8+ (54. Qf6+ Qxf6 55. gxf6 Kg8 $11) 54... Kh7 55. Qe7+ (55. Qf7+ Kh8 $16) 55... Kg8 56. Qe5 $16) 51. Qe2 Qh1+ 52. Ke3 Qxh4 53. Qb2+ Kg8 54. Qf6 Qh3+ 55. f3 {[%cal Bf2f3,Bf3f4][%mdl 32]} Qf5 56. Qxf5 gxf5 57. f4 $1 Kf7 58. Kf3 Kg7 59. Kg3 Kf7 60. Kh3 Kg7 $1 {Black escapes into a draw.  Weighted Error Value: White=0.15 (very precise) /Black=0.19 (very precise)} (60... Kg6 {is a self mate.} 61. Kh4 Kg7 62. Kxh5 Kf7 63. g6+ Ke7 64. Kh6 Kf8 65. Kh7) 1/2-1/2

[Event "Kragero Resort International 2022"]
[Site "Kragero"]
[Date "2022.02.26"]
[Round "7.15"]
[White "Mikalsen, Erlend"]
[Black "Nikolic, Vladan"]
[Result "0-1"]
[WhiteElo "2368"]
[BlackElo "2218"]
[Annotator "ChessBase"]
[PlyCount "66"]
[EventDate "2022.02.23"]
[EventType "swiss"]
[EventCountry "NOR"]
[SourceTitle "playchess.com"]
[Source "ChessBase"]
[SourceQuality "1"]
[TimeControl "5400+30"]

1. e4 {[%emt 0:01:34]} e5 {[%emt 0:00:04]} 2. Nf3 {[%emt 0:00:22]} Nc6 {[%emt 0:00:07]} 3. Bb5 {[%emt 0:00:05]} a6 {[%emt 0:00:05]} 4. Ba4 {[%emt 0:00:02]} Nf6 {[%emt 0:00:07]} 5. d3 {[%emt 0:00:05]} b5 {[%emt 0:00:56]} 6. Bb3 {[%emt 0:00:04]} Bc5 {[%emt 0:00:06]} 7. Nc3 {[%emt 0:01:11]} d6 {[%emt 0:07:27]} 8. Nd5 {[%emt 0:03:01]} h6 {[%emt 0:01:03]} 9. c3 {[%emt 0:00:36]} Ba7 {[%emt 0:09:04]} 10. Nxf6+ {[%emt 0:07:08]} Qxf6 {[%emt 0:00:26]} 11. Bd5 {[%emt 0:00:03]} Bd7 {[%emt 0:02:15]} 12. O-O {[%emt 0:01:02]} Rb8 {[%emt 0:06:16]} 13. Be3 {[%emt 0:00:56]} Bb6 {[%emt 0:00:55]} 14. a4 {[%emt 0:06:27]} O-O {[%emt 0:04:08]} 15. a5 {[%emt 0:02:35]} Bxe3 {[%emt 0:02:39]} 16. fxe3 {[%emt 0:00:05]} Ne7 {[%emt 0:04:00]} 17. Ba2 {[%emt 0:05:32]} Ng6 {[%emt 0:00:55]} 18. d4 {[%emt 0:08:39]} Qe7 {[%emt 0:02:28]} 19. Qd3 {[%emt 0:01:59]} Be6 {[%emt 0:11:48]} 20. d5 {[%emt 0:01:08]} Bd7 {[%emt 0:00:48]} 21. Ne1 {[%emt 0:00:04]} Qg5 {[%emt 0:02:51]} 22. Nc2 {[%emt 0:01:25]} f5 {[%emt 0:04:18]} 23. Nb4 {[%emt 0:05:19]} fxe4 {[%emt 0:02:41]} 24. Qxe4 {[%emt 0:00:16]} Bf5 {[%emt 0:01:20]} 25. Rxf5 {[%emt 0:00:05]} Rxf5 {[%emt 0:00:06]} 26. Nxa6 {[%emt 0:00:27]} Rbf8 {[%emt 0:10:58]} 27. Nxc7 {[%emt 0:02:51]} Qf6 {[%emt 0:00:38]} 28. h3 {[%emt 0:00:51]} Nh4 {[%emt 0:00:46]} 29. Ne6 {[%emt 0:11:17]} Rf1+ {[%emt 0:01:23]} 30. Rxf1 {[%emt 0:00:10]} Qxf1+ {[%emt 0:00:06]} 31. Kh2 {[%emt 0:00:01]} Rf2 {[%emt 0:01:00]} 32. Nf4 {[%emt 0:00:07]} Nf3+ {[%emt 0:00:54]} 33. Qxf3 {[%emt 0:00:44]} Rxf3 {[%emt 0:00:08]} 0-1

[Event "Kragero Resort International 2022"]
[Site "Kragero"]
[Date "2022.02.26"]
[Round "7.16"]
[White "Vestby-Ellingsen, Mads"]
[Black "Blokhin, Sofia"]
[Result "1-0"]
[WhiteElo "2368"]
[BlackElo "2059"]
[Annotator "NA"]
[PlyCount "95"]
[EventDate "2022.02.23"]
[EventType "swiss"]
[EventCountry "NOR"]
[SourceTitle "playchess.com"]
[Source "ChessBase"]
[SourceQuality "1"]
[TimeControl "5400+30"]

1. d4 {[%emt 0:00:34]} f5 {[%emt 0:00:08]} 2. g3 {[%emt 0:00:32]} Nf6 {[%emt 0:00:19]} 3. Bg2 {[%emt 0:00:15]} d5 {[%emt 0:00:18]} 4. Nf3 {[%emt 0:00:58]} e6 {[%emt 0:00:21]} 5. O-O {[%emt 0:00:22]} Be7 {[%emt 0:00:21]} 6. c4 {[%emt 0:00:20]} O-O {[%emt 0:00:28]} 7. Nbd2 {[%emt 0:00:21]} c6 {[%emt 0:01:20]} 8. Ne5 {[%emt 0:01:02]} Nbd7 {[%emt 0:03:49]} 9. Nd3 {[%emt 0:00:42]} Bd6 {[%emt 0:06:04]} 10. Qc2 {[%emt 0:03:25]} Qe8 {[%emt 0:06:07]} 11. Nf3 {[%emt 0:02:53]} dxc4 {[%emt 0:07:01]} 12. Qxc4 {[%emt 0:00:40]} Nb6 {[%emt 0:01:12]} 13. Qb3 {[%emt 0:04:35]} Nbd5 {[%emt 0:01:21]} 14. Nfe5 {[%emt 0:01:33]} Nd7 {[%emt 0:12:17]} (14... b6 $14) 15. Bd2 {[%emt 0:05:36]} Nxe5 {[%emt 0:03:23]} 16. dxe5 {[%emt 0:05:24]} Bc7 {[%emt 0:01:33]} 17. Rac1 {[%emt 0:06:56]} Bd8 {[%emt 0:05:30]} 18. e4 {[%emt 0:04:47]} fxe4 {[%emt 0:01:13]} 19. Bxe4 {[%emt 0:00:11]} Qh5 {[%emt 0:03:17]} 20. Nf4 {[%emt 0:03:34]} Qxe5 {[%emt 0:05:00]} 21. Rce1 {[%emt 0:13:43]} Qf6 {[%emt 0:05:44]} 22. Qc2 {[%emt 0:03:05]} g6 $11 {[%emt 0:01:23]} 23. Nd3 {[%emt 0:05:18]} Bb6 {[%emt 0:06:11]} 24. h4 {[%emt 0:01:07]} Qg7 {[%emt 0:03:38]} 25. Bg2 {[%emt 0:01:35]} Qc7 {[%emt 0:03:58]} 26. Kh2 {[%emt 0:09:35]} Rf5 {[%emt 0:04:59]} 27. f4 {[%emt 0:03:39]} Bd7 {[%emt 0:01:35]} 28. Bh3 {[%emt 0:01:05]} Rff8 {[%emt 0:01:59]} 29. Ne5 {[%emt 0:02:45]} Rae8 {[%emt 0:02:25]} 30. Nxg6 {[%emt 0:02:47]} Rf7 {[%emt 0:00:32]} 31. Ne5 {[%emt 0:00:29]} Rg7 {[%emt 0:00:11]} 32. h5 {[%emt 0:05:01]} h6 {[%emt 0:00:56]} 33. Ng4 {[%emt 0:02:02]} Bd4 {[%emt 0:01:44]} 34. f5 {[%emt 0:03:53]} exf5 {[%emt 0:01:14]} 35. Rxe8+ {[%emt 0:00:06]} Bxe8 {[%emt 0:00:04]} 36. Qxf5 {[%emt 0:02:08]} Nf6 {[%emt 0:03:42]} 37. Nxf6+ {[%emt 0:04:54]} Bxf6 {[%emt 0:00:11]} 38. Bf4 {[%emt 0:00:10]} Qe7 {[%emt 0:00:41]} 39. Bxh6 {[%emt 0:00:39]} Rf7 {[%emt 0:01:11]} 40. Qe6 {[%emt 0:01:07]} Qd8 {[%emt 0:00:46]} 41. Rxf6 {[%emt 0:00:28]} Qxf6 {[%emt 0:00:09]} 42. Qxe8+ {[%emt 0:00:07]} Kh7 {[%emt 0:00:06]} 43. Bf4 {[%emt 0:01:01]} Qxb2+ {[%emt 0:01:53]} 44. Bg2 {[%emt 0:00:05]} Qxa2 {[%emt 0:00:33]} 45. Be5 {[%emt 0:00:52]} Kh6 {[%emt 0:00:12]} 46. Qg8 {[%emt 0:00:28]} Kxh5 {[%emt 0:03:00]} 47. g4+ {[%emt 0:00:10]} Kh6 {[%emt 0:00:10]} 48. Qh8+ {[%emt 0:00:21]} 1-0

[Event "Kragero Resort International 2022"]
[Site "Kragero"]
[Date "2022.02.26"]
[Round "7.17"]
[White "Ingebretsen, Jens E"]
[Black "Stanford, Maxim Barth"]
[Result "1-0"]
[WhiteElo "2316"]
[BlackElo "2339"]
[Annotator "NA"]
[PlyCount "99"]
[EventDate "2022.02.23"]
[EventType "swiss"]
[EventCountry "NOR"]
[SourceTitle "playchess.com"]
[Source "ChessBase"]
[SourceQuality "1"]
[TimeControl "5400+30"]

1. c4 {[%emt 0:00:02]} e5 {[%emt 0:00:26]} 2. g3 {[%emt 0:00:48]} Nf6 {[%emt 0:00:39]} 3. Bg2 {[%emt 0:00:06]} c6 {[%emt 0:01:41]} 4. d4 {[%emt 0:00:53]} e4 {[%emt 0:03:32]} 5. Nc3 {[%emt 0:01:41]} Bb4 {[%emt 0:01:38]} 6. Bd2 {[%emt 0:02:24]} Qe7 {[%emt 0:03:27]} 7. e3 {[%emt 0:03:25]} h5 {[%emt 0:04:21]} 8. h3 {[%emt 0:02:54]} Bxc3 {[%emt 0:06:09]} 9. Bxc3 {[%emt 0:00:32]} d6 {[%emt 0:00:08]} 10. Ne2 {[%emt 0:01:06]} Bf5 {[%emt 0:00:35]} 11. a4 {[%emt 0:07:33]} Nbd7 {[%emt 0:10:15]} (11... d5 $11 {deserves consideration.}) 12. a5 {[%emt 0:01:02]} a6 {[%emt 0:02:25]} 13. Ra4 {[%emt 0:04:51]} Rb8 {[%emt 0:05:39]} 14. Qb3 {[%emt 0:03:42]} (14. Nf4 $14) 14... c5 {[%emt 0:03:42]} ({Black should try} 14... Nf8 $11) 15. Qa3 {[%emt 0:04:14]} O-O $11 {[%emt 0:01:59]} 16. O-O {[%emt 0:00:32]} Rfc8 {[%emt 0:04:56]} 17. b3 {[%emt 0:01:45]} Rc6 {[%emt 0:06:41]} 18. Qa1 {[%emt 0:04:28]} Bh7 {[%emt 0:04:41]} 19. Rd1 {[%emt 0:05:57]} cxd4 {[%emt 0:05:53]} 20. Nxd4 {[%emt 0:02:16]} Rcc8 {[%emt 0:01:23]} 21. Ne2 {[%emt 0:05:31]} Ne8 {[%emt 0:05:43]} 22. Nf4 {[%emt 0:00:54]} Ndf6 {[%emt 0:01:24]} 23. Bd4 {[%emt 0:07:00]} Bf5 {[%emt 0:02:21]} 24. Ra2 {[%emt 0:01:52]} Rc6 {[%emt 0:02:26]} 25. Rad2 {[%emt 0:00:34]} Rd8 {[%emt 0:01:02]} 26. Bf1 {[%emt 0:04:23]} Rdc8 {[%emt 0:02:22]} 27. Be2 {[%emt 0:02:23]} h4 {[%emt 0:03:00]} 28. Kh2 {[%emt 0:02:09]} g5 {[%emt 0:02:16]} 29. Nd5 {[%emt 0:05:31]} hxg3+ {[%emt 0:00:43]} 30. fxg3 {[%emt 0:00:10]} Nxd5 {[%emt 0:00:22]} 31. cxd5 {[%emt 0:00:06]} Rc2 {[%emt 0:00:37]} 32. Bc4 {[%emt 0:00:35]} Rxd2+ {[%emt 0:04:25]} 33. Rxd2 {[%emt 0:00:01]} Bd7 {[%emt 0:00:35]} 34. Qd1 {[%emt 0:02:05]} f6 {[%emt 0:01:06]} 35. Rf2 {[%emt 0:01:22]} Qh7 {[%emt 0:00:58]} 36. Qf1 {[%emt 0:00:40]} f5 {[%emt 0:03:01]} 37. g4 {[%emt 0:04:24]} Ng7 {[%emt 0:00:03]} 38. gxf5 {[%emt 0:03:38]} Nxf5 {[%emt 0:00:36]} 39. Rg2 {[%emt 0:00:07]} Kf7 {[%emt 0:03:06]} 40. Rg4 {[%emt 0:04:28]} Rg8 {[%emt 0:01:02]} 41. Be2 {[%emt 0:00:46]} Kg6 {[%emt 0:01:35]} 42. h4 {[%emt 0:03:07]} Kh6 {[%emt 0:01:54]} 43. Bf6 {[%emt 0:03:36]} Qf7 {[%emt 0:00:38]} 44. Bxg5+ {[%emt 0:02:49]} Kh7 {[%emt 0:00:03]} 45. Rf4 {[%emt 0:00:25]} Rc8 {[%emt 0:00:26]} 46. Bg4 {[%emt 0:00:45]} Rf8 {[%emt 0:00:24]} 47. Qc4 {[%emt 0:01:30]} Qg6 {[%emt 0:01:04]} 48. Qxe4 {[%emt 0:00:38]} Rf7 {[%emt 0:00:09]} 49. Qf3 {[%emt 0:00:25]} Kg7 {[%emt 0:00:37]} 50. Bh5 {[%emt 0:00:28]} 1-0